Povrchová aktivita frakcií z extraktov Bellis perennis a Chenopodium quinoa diplomová práca

Na minha lista:
Detalhes bibliográficos
Autor principal: Adamusová, Michaela
Formato: Livro
Idioma:eslovaco
Publicado em: Bratislava STU FCHPT 2016
Acesso em linha:View in OPAC
Tags: Adicionar Tag
Sem tags, seja o primeiro a adicionar uma tag!

MARC

LEADER 00000nam a2200000 a 4500
005 20260127134118.0
008 160623 2016 000 0 slo d
035 |a vtls011562635 
039 9 |y 201606231256  |z mschk03 
040 |a STUSCHK1  |b slo  |c STUSCHK1  |e AACR2 
100 1 |a Adamusová, Michaela 
245 1 |a Povrchová aktivita frakcií z extraktov Bellis perennis a Chenopodium quinoa  |b diplomová práca  |c Michaela Adamusová 
260 |a Bratislava  |b STU FCHPT  |c 2016 
300 |a 77 s.  |b il.  |c 25 cm 
500 |a Študijný program: potraviny, hygiena, kozmetika 
500 |a Študijný odbor: potravinárstvo 
500 |a Školiace pracovisko: Ústav potravinárstva a výživy 
500 |a Evid. číslo: FCHPT-5457-43587 
910 |a SCHK95 
999 |c 4336  |d 4336